Разработка методики и аппаратуры для определения распределений амплитуд токов молнии и их исследование: автореферат диссертации на соискание ученой степени кандидата технических наук; спец. 05.14.12

Λεπτομέρειες βιβλιογραφικής εγγραφής
Κύριος συγγραφέας: Раков В. А. Владимир Александрович
Συγγραφή απο Οργανισμό/Αρχή: Томский политехнический институт
Άλλοι συγγραφείς: Дульзон А. А. Альфред Андреевич (научный руководитель)
Γλώσσα:Ρωσικά
Έκδοση: Томск, [Б. и.], 1982
Θέματα:
Μορφή: MixedMaterials Βιβλίο
KOHA link:https://koha.lib.tpu.ru/cgi-bin/koha/opac-detail.pl?biblionumber=307277

MARC

LEADER 00000nam0a2200000 4500
001 307277
005 20240708145259.0
035 |a (RuTPU)RU\TPU\book\332570 
035 |a RU\TPU\book\72528 
090 |a 307277 
100 |a 20151019d1982 k y0rusy50 ca 
101 0 |a rus 
102 |a RU 
105 |a a dm 001zy 
200 1 |a Разработка методики и аппаратуры для определения распределений амплитуд токов молнии и их исследование  |e автореферат диссертации на соискание ученой степени кандидата технических наук  |e спец. 05.14.12  |f В. А. Раков  |g Томский политехнический институт ; науч. рук. А. А. Дульзон 
210 |a Томск  |c [Б. и.]  |d 1982 
215 |a 22 с.  |c ил. 
320 |a Библиогр.: с. 19-21 (19 назв.) 
606 1 |a Импульсы напряжения  |2 stltpush  |3 (RuTPU)RU\TPU\subj\12453  |9 39232 
610 1 |a молния 
610 1 |a ток 
610 1 |a импульсы 
610 1 |a амплитуда 
610 1 |a дистанционные измерения 
610 1 |a закон распределения 
610 1 |a Западная Сибирь 
610 1 |a физико-географические характеристики 
610 1 |a авторефераты диссертаций 
610 1 |a труды учёных ТПУ 
675 |a 621.3.015(04)  |v 4 
686 |a 05.14.12.  |2 oksvnk 
700 1 |a Раков  |b В. А.  |g Владимир Александрович 
702 1 |a Дульзон  |b А. А.  |c специалист в области техники высоких напряжений, управления проектами, управления персоналом  |c профессор Томского политехнического университета, доктор технических наук  |f 1937-2019  |g Альфред Андреевич  |3 (RuTPU)RU\TPU\pers\21958  |4 727  |9 9277 
712 0 2 |a Томский политехнический институт  |3 (RuTPU)RU\TPU\col\1123 
801 1 |a RU  |b 63413507  |c 20040930  |g PSBO 
801 2 |a RU  |b 63413507  |c 20200828  |g RCR 
942 |c BK